000 00958cam a2200217 4500
001 WB3818-24
008 020515n2002 000 0 eng u
035 _a(Sirsi) u117974
245 _aWest End activity plumets
260 _c2002
490 _aSavills Press Release
_v 9 May 2002, (1)
520 _aFPD Savills commercial investment team shows investment activity in the West End of London during the first quarter of 2002 has fallen to levels not seen since the early 1990s. Only £350m of property was changed in this area during the opening three months of the year. For the FPD Savills release: http://www.fpdsavills.co.uk/printer_friendly_version.asp?filePath=d:\savillscms\output\content\uber_news\1872.htm
590 _aWB
650 _aFPD SAVILLS
650 _aLONDON
650 _aWEST END OF LONDON
650 _aINVESTMENT ACTIVITY
650 _aINVESTOR DEMAND
690 _aPROPERTY MANAGEMENT-COMMERCIAL PROPERTY
942 _n0
999 _c70261
_d70261